La Iglesia en oración: introducción a la liturgia

Na minha lista:
Detalhes bibliográficos
Autor principal: Martimort, Aimé-Georges (autor)
Formato: Livro
Idioma:espanhol
Publicado em: Barcelona Herder 1965
Colecção:Biblioteca Herder. Sección de Liturgia, 58
Assuntos:
Tags: Adicionar Tag
Sem tags, seja o primeiro a adicionar uma tag!

MARC

LEADER 00000nam a2200000 a 4500
001 UCL2445
003 CL-VaPUC
008 031024e19650000SP |||||||||||||||||spa|d
082 0 4 |a 264.36  |b MAR  |2 21 
100 |a Martimort, Aimé-Georges  |e autor  |9 479096 
245 1 3 |a La Iglesia en oración: introducción a la liturgia 
300 |a 1019 p 
942 |c BK 
945 |d 20031024 00:00:00  |a vberengu 
260 |a Barcelona  |b Herder  |c 1965 
650 0 |a Eucaristía  |9 257336 
650 0 |a Celebraciones litúrgicas  |9 468655 
650 0 |a Sacramentos   |9 257270 
583 |a last modification  |c 20031024 00:00:00  |k Rodrigo Vera 
490 0 |a Biblioteca Herder. Sección de Liturgia, 58 
999 |c 305751  |d 305749 
952 |0 0  |1 0  |4 0  |6 264_360000000000000_MAR_1965  |7 0  |8 A  |9 370122  |a BIBTEO  |b BIBTEO  |d 2019-11-21  |i 2091054  |o 264.36 MAR 1965  |p 2091054  |r 2025-01-17  |w 2019-11-21  |y BK  |k ICR 
952 |0 0  |1 0  |4 0  |6 264_360000000000000_MAR_1965  |7 0  |8 A  |9 370123  |a BIBTEO  |b BIBTEO  |d 2019-11-21  |i 2091062  |o 264.36 MAR 1965  |p 2091062  |r 2025-01-17  |w 2019-11-21  |y BK  |k ICR